VIDA DE ANTONIO MACHADO Y MANUEL /

INDICE

Furkejuvvon:
Bibliográfalaš dieđut
Váldodahkki: Pérez Ferrero, Miguel (autor)
Materiálatiipa: Girji
Ráidu:AUSTRAL ; 1135
Fáttát:
Fáddágilkorat: Lasit fáddágilkoriid
Eai fáddágilkorat, Lasit vuosttaš fáddágilkora!

MARC

LEADER 00000nam^a2200000^a^4500
001 000239438
005 20250521000000.0
009 20260310105054.361
035 |a 062284 
037 |a Acervo Xavier Clavigero 
082 |a 808. 8  |b PER 
100 |a Pérez Ferrero, Miguel  |e (autor) 
245 1 0 |a VIDA DE ANTONIO MACHADO Y MANUEL /  |c MIGUEL PEREZ FERRERO 
264 |a BUENOS AIRES :  |b ESPASA-CALPE,  |c 1952 
300 |a 226 p. 
336 |a texto  |b txt  |2 rdacontenido 
337 |a sin mediación  |b n  |2 rdamedio 
338 |a volumen  |b nc  |2 rdasoporte 
440 |a AUSTRAL ;  |v 1135 
520 |a INDICE 
649 |a XX 
650 |a LITERATURA -  |x COLECCIONES 
650 |a Machado, Antonio 
650 |a Machado, Manuel 
910 |a Fondo General 
920 |a Impresos - Libros 
930 |a Colección General 
940 |a Literatura 
905 |a 101 
901 |a 062284  |b IT1  |c LIT  |i 062284  |u 20250521 
902 |a https://opac.biblio.iteso.mx/vufind/Record/000239438